Physical geography / (Record no. 2205)

MARC details
000 -LEADER
fixed length control field 01105nam a2200277 a 4500
003 - CONTROL NUMBER IDENTIFIER
control field BD-DhJNU
005 - DATE AND TIME OF LATEST TRANSACTION
control field 20251009040236.0
008 - FIXED-LENGTH DATA ELEMENTS--GENERAL INFORMATION
fixed length control field 080509s2009 cauab 001 0 eng d
020 ## - INTERNATIONAL STANDARD BOOK NUMBER
International Standard Book Number 9780495555063
020 ## - INTERNATIONAL STANDARD BOOK NUMBER
International Standard Book Number 0495555061
040 ## - CATALOGING SOURCE
Original cataloging agency BD-DhJNU
Language of cataloging ENG
Transcribing agency BD-DhJNU
Modifying agency BD-DhJNU
082 04 - DEWEY DECIMAL CLASSIFICATION NUMBER
Classification number 910.02 PHY
Edition number 23
245 00 - TITLE STATEMENT
Title Physical geography /
Statement of responsibility, etc. Robert E. Gabler ... [et al.].
250 ## - EDITION STATEMENT
Edition statement 9th ed.
260 ## - PUBLICATION, DISTRIBUTION, ETC.
Place of publication, distribution, etc. Belmont, CA :
Name of publisher, distributor, etc. Brooks/Cole, Cengage Learning,
Date of publication, distribution, etc. c2009.
300 ## - PHYSICAL DESCRIPTION
Extent xxvii, 641 p. :
Other physical details col. ill., col. maps ;
Dimensions 29 cm.
500 ## - GENERAL NOTE
General note Rev. ed. of: Essentials of physical geography. 8th ed. 2006.
500 ## - GENERAL NOTE
General note Includes index.
650 #0 - SUBJECT ADDED ENTRY--TOPICAL TERM
Topical term or geographic name entry element Physical geography
Form subdivision Textbooks.
700 1# - ADDED ENTRY--PERSONAL NAME
Personal name Gabler, Robert E.
730 0# - ADDED ENTRY--UNIFORM TITLE
Uniform title Essentials of physical geography.
856 42 - ELECTRONIC LOCATION AND ACCESS
Materials specified Contributor biographical information
Uniform Resource Identifier <a href="http://www.loc.gov/catdir/enhancements/fy1104/2008928956-b.html">http://www.loc.gov/catdir/enhancements/fy1104/2008928956-b.html</a>
856 42 - ELECTRONIC LOCATION AND ACCESS
Materials specified Publisher description
Uniform Resource Identifier <a href="http://www.loc.gov/catdir/enhancements/fy1104/2008928956-d.html">http://www.loc.gov/catdir/enhancements/fy1104/2008928956-d.html</a>
856 41 - ELECTRONIC LOCATION AND ACCESS
Materials specified Table of contents only
Uniform Resource Identifier <a href="http://www.loc.gov/catdir/enhancements/fy1104/2008928956-t.html">http://www.loc.gov/catdir/enhancements/fy1104/2008928956-t.html</a>
942 ## - ADDED ENTRY ELEMENTS (KOHA)
Koha item type Books
Holdings
Withdrawn status Lost status Source of classification or shelving scheme Damaged status Not for loan Collection Home library Current library Shelving location Date acquired Source of acquisition Total checkouts Full call number Barcode Date last seen Copy number Price effective from Koha item type
    Dewey Decimal Classification     Non-fiction Jagannath University Central Library Jagannath University Central Library General stacks 10/09/2025 Purchased   910.02 PHY JNUCL35881 10/09/2025 1 10/09/2025 Books